[Event "Happy Oktoberfest"]
[Site "SchemingMind.com"]
[Date "2019.09.12"]
[Round "-"]
[White "Helga1946"]
[Black "Mihir Chandrashekhar"]
[Result "1-0"]
[WhiteCountry "GER"]
[BlackCountry "IND"]
[WhiteElo "2235"]
[WhiteRD "64"]
[BlackElo "1994"]
[BlackRD "58"]
[GameID "445605"]

1. Nf3 d5 2. c3 Nf6 3. d4 c6 4. Bg5 Bf5 5. Qb3 Qc7 6. Bxf6 exf6 7. Nbd2 Bd6 8. c4 O-O 9. cxd5 cxd5 10. Qxd5 Be6
11. Qe4 Na6 12. a3 Rfe8 13. e3 Bb3 14. Qh4 Bd5 15. Bb5
1-0

[Event "Happy Oktoberfest"]
[Site "SchemingMind.com"]
[Date "2019.10.29"]
[Round "-"]
[White "DANDYLIONHONEYBADGER"]
[Black "Mihir Chandrashekhar"]
[Result "1-0"]
[WhiteCountry "USA"]
[BlackCountry "IND"]
[WhiteElo "1410"]
[WhiteRD "71"]
[BlackElo "1801"]
[BlackRD "52"]
[GameID "447284"]

1. Nc3 Nf6 2. h3 d5 3. d4 h6 4. g4 g5 5. Bg2 c6 6. Nf3 Bg7 7. Be3 Qc7 8. Ne5 Nbd7 9. f4 gxf4 10. Bxf4 Nxe5
11. dxe5 Nd7 12. e4 dxe4 13. Bxe4 Bxe5 14. Bxe5 Qxe5 15. Qe2
1-0

[Event "Happy Oktoberfest"]
[Site "SchemingMind.com"]
[Date "2019.10.27"]
[Round "-"]
[White "Helga1946"]
[Black "Phillip Beckett"]
[Result "1-0"]
[WhiteCountry "GER"]
[BlackCountry "ENG"]
[WhiteElo "1916"]
[WhiteRD "56"]
[BlackElo "1503"]
[BlackRD "52"]
[GameID "447334"]

1. d4 e5 2. dxe5 Nc6 3. Nf3 Qe7 4. Qd5 Qb4+ 5. c3 Qe7 6. Bf4 f6 7. exf6 Nxf6 8. Qb3 d5 9. Nbd2 b6 10. h3 Be6
11. Qa4 Qd7 12. Rd1 a6 13. e4 dxe4 14. Nxe4 Bd6 15. Bb5 axb5 16. Qxa8+ Ke7 17. Qxh8
1-0

[Event "Happy Oktoberfest"]
[Site "SchemingMind.com"]
[Date "2019.10.31"]
[Round "-"]
[White "Phillip Beckett"]
[Black "DANDYLIONHONEYBADGER"]
[Result "1-0"]
[WhiteCountry "ENG"]
[BlackCountry "USA"]
[WhiteElo "1515"]
[WhiteRD "52"]
[BlackElo "1410"]
[BlackRD "71"]
[GameID "447335"]

1. e4 e5 2. Nf3 Nc6 3. Bb5 Bd6 4. c3 a6 5. Ba4 b5 6. Bc2 b4 7. O-O Bb7 8. Re1 h6 9. d4 f6 10. d5 Na5
11. Bd2 Nc4 12. Bc1 Bc5 13. Bb3 Na5 14. Nxe5 Nxb3 15. Qh5+ Ke7 16. Ng6+
1-0

[Event "Happy Oktoberfest"]
[Site "SchemingMind.com"]
[Date "2019.10.30"]
[Round "-"]
[White "Mihir Chandrashekhar"]
[Black "Phillip Beckett"]
[Result "1-0"]
[WhiteCountry "IND"]
[BlackCountry "ENG"]
[WhiteElo "1862"]
[WhiteRD "51"]
[BlackElo "1503"]
[BlackRD "52"]
[GameID "447336"]

1. e4 e5 2. Nf3 Nc6 3. Bb5 a6 4. Ba4 Nf6 5. O-O Be7 6. Re1 b5 7. Bb3 O-O 8. a4 b4 9. c3 bxc3 10. bxc3 d5
11. exd5 Nxd5 12. Nxe5 Nxe5 13. Rxe5 c6 14. Bxd5 cxd5 15. Rxe7 Qxe7 16. Ba3 Qg5 17. Bxf8 Kxf8 18. Qf3 Be6 19. Qe3 Qxe3 20. fxe3 Rb8
21. Kf2 Rb3 22. Na3 Rb2 23. Ke1 Bd7 24. Kd1 Bxa4+ 25. Kc1 Rb3 26. Nc2 Rb6 27. Rxa4 Rh6 28. h3 Rg6 29. Ne1 h5 30. g4 hxg4
31. hxg4
1-0

[Event "Happy Oktoberfest"]
[Site "SchemingMind.com"]
[Date "2019.10.31"]
[Round "-"]
[White "Phillip Beckett"]
[Black "GBEDARD"]
[Result "1-0"]
[WhiteCountry "ENG"]
[BlackCountry "USA"]
[WhiteElo "1515"]
[WhiteRD "52"]
[BlackElo "1857"]
[BlackRD "88"]
[GameID "447517"]

1. e4 d6 2. d4 Nf6 3. Nc3 g6 4. Nf3 Bg7 5. Be2 O-O 6. O-O a6 7. h3 b5 8. a3 Bb7 9. d5 c6 10. dxc6 Nxc6
11. Bg5 Rc8 12. Bxf6 Bxf6 13. Rb1 e6 14. Nh2 h5 15. Bf3 Nd4 16. e5 Nxf3+ 17. Nxf3 Bxf3 18. Qxf3 Bxe5 19. Ne4 Rxc2 20. g4 hxg4
21. hxg4 Qh4 22. Qg2 d5 23. Ng3 Rfc8 24. Qh2 Qxg4 25. Rfe1
1-0

[Event "Happy Oktoberfest"]
[Site "SchemingMind.com"]
[Date "2019.11.01"]
[Round "-"]
[White "GBEDARD"]
[Black "Helga1946"]
[Result "1-0"]
[WhiteCountry "USA"]
[BlackCountry "GER"]
[WhiteElo "2090"]
[WhiteRD "96"]
[BlackElo "1916"]
[BlackRD "56"]
[GameID "447518"]

1. e4 c5 2. Nf3 Nc6 3. d4 cxd4 4. Nxd4 e5 5. Nb5 a6 6. Nd6+ Bxd6 7. Qxd6 Qe7 8. Qd1 Nf6 9. Nc3 d6 10. Bg5 Be6
11. Nd5 Bxd5 12. exd5 Nb8 13. c4 O-O 14. Be2 h6 15. Be3 Nbd7 16. O-O
1-0

[Event "Happy Oktoberfest"]
[Site "SchemingMind.com"]
[Date "2019.11.01"]
[Round "-"]
[White "GBEDARD"]
[Black "Mihir Chandrashekhar"]
[Result "0-1"]
[WhiteCountry "USA"]
[BlackCountry "IND"]
[WhiteElo "1857"]
[WhiteRD "88"]
[BlackElo "1801"]
[BlackRD "52"]
[GameID "447520"]

1. e4 e5 2. Nf3 Nc6 3. Bb5 a6 4. Ba4 Nf6 5. O-O Be7 6. Re1 b5 7. Bb3 O-O 8. h3 d6 9. c3 Na5 10. Bc2 c5
11. d4 Qc7
0-1

[Event "Happy Oktoberfest"]
[Site "SchemingMind.com"]
[Date "2019.11.11"]
[Round "-"]
[White "grabapawn"]
[Black "GBEDARD"]
[Result "1-0"]
[WhiteCountry "USA"]
[BlackCountry "USA"]
[WhiteElo "1485"]
[WhiteRD "62"]
[BlackElo "1857"]
[BlackRD "88"]
[GameID "447862"]

1. d4 Nf6 2. Bf4 c5 3. e3 Qb6 4. Nd2 cxd4 5. Nb3 dxe3 6. Bxe3 Qc7 7. Bd3 d5 8. h3 e5 9. Qd2 Be7 10. f3 O-O
11. g4 a5 12. h4
1-0

[Event "Happy Oktoberfest"]
[Site "SchemingMind.com"]
[Date "2019.11.11"]
[Round "-"]
[White "Phillip Beckett"]
[Black "grabapawn"]
[Result "1/2-1/2"]
[WhiteCountry "ENG"]
[BlackCountry "USA"]
[WhiteElo "1503"]
[WhiteRD "52"]
[BlackElo "1454"]
[BlackRD "63"]
[GameID "447863"]

1. e4 d6 2. d4 Nf6 3. Nc3 Nbd7 4. Nf3 e5 5. dxe5 dxe5 6. Bc4 Bc5 7. O-O h6 8. Re1 c6 9. Be3 Bb6 10. Bxb6 axb6
11. a3 Qc7 12. Qe2 b5 13. Ba2 O-O 14. Rad1 Kh7 15. Nb1 Nc5 16. Nbd2 Be6 17. Bxe6 Nxe6 18. c4 Nf4 19. Qe3 Ng4 20. Qb3 Rad8
21. Nf1 bxc4 22. Qxc4 Qe7 23. h3 Nf6 24. Ne3 N6h5 25. Rxd8 Rxd8 26. Nf5 Qd7 27. Qc3 f6 28. Kh2=
1/2-1/2

[Event "Happy Oktoberfest"]
[Site "SchemingMind.com"]
[Date "2019.11.11"]
[Round "-"]
[White "grabapawn"]
[Black "Helga1946"]
[Result "1-0"]
[WhiteCountry "USA"]
[BlackCountry "GER"]
[WhiteElo "1454"]
[WhiteRD "63"]
[BlackElo "1916"]
[BlackRD "56"]
[GameID "447864"]

1. d4 d5 2. Bf4 Bf5 3. e3 e6 4. Nd2 c6 5. Ngf3 Bd6 6. Bg3 a5 7. Be2 a4 8. Nh4 Be4 9. Nxe4 dxe4 10. f3 g5
11. Bxd6 Qxd6 12. g4 h5 13. Ng2 exf3 14. Bxf3 hxg4 15. Bxg4 a3 16. b3
1-0

[Event "Happy Oktoberfest"]
[Site "SchemingMind.com"]
[Date "2019.11.16"]
[Round "-"]
[White "DANDYLIONHONEYBADGER"]
[Black "grabapawn"]
[Result "0-1"]
[WhiteCountry "USA"]
[BlackCountry "USA"]
[WhiteElo "1410"]
[WhiteRD "71"]
[BlackElo "1485"]
[BlackRD "62"]
[GameID "447865"]

1. Nc3 d6 2. e4 Nf6 3. Be2 Nbd7 4. d4 e5 5. dxe5 Nxe5 6. f3 Be7 7. Bf4 c6 8. h3 Qc7 9. Bxe5 dxe5 10. Qd2 Be6
11. b3 Nh5 12. Rh2 Rd8 13. Bd3 Ba3 14. Nb1 Bb2
0-1

[Event "Happy Oktoberfest"]
[Site "SchemingMind.com"]
[Date "2019.11.16"]
[Round "-"]
[White "grabapawn"]
[Black "Mihir Chandrashekhar"]
[Result "0-1"]
[WhiteCountry "USA"]
[BlackCountry "IND"]
[WhiteElo "1485"]
[WhiteRD "62"]
[BlackElo "1801"]
[BlackRD "52"]
[GameID "447866"]

1. d4 h6 2. Bf4 g5 3. Bg3 Bg7 4. e3 d5 5. Bd3 Nf6 6. Nd2 Bg4 7. f3 Bh5 8. Be5 Nbd7 9. g4 Bg6 10. e4 dxe4
11. Nxe4 Nxe5 12. dxe5 Nxe4 13. Bxe4 Bxe4 14. Qxd8+ Rxd8 15. fxe4 Bxe5 16. c3 Kd7 17. Rd1+ Ke6 18. Ne2 Rxd1+ 19. Kxd1 h5 20. Nd4+ Bxd4
21. cxd4 hxg4 22. Ke2 g3 23. h3 g4 24. Ke3 Rxh3 25. Rxh3 gxh3 26. Kf3 g2 27. Kf2 f5 28. exf5+ Kxf5
0-1

[Event "Happy Oktoberfest"]
[Site "SchemingMind.com"]
[Date "2019.11.13"]
[Round "-"]
[White "grabapawn"]
[Black "abuteague"]
[Result "0-1"]
[WhiteCountry "USA"]
[BlackCountry "USA"]
[WhiteElo "1485"]
[WhiteRD "62"]
[BlackElo "1768"]
[BlackRD "79"]
[GameID "447914"]

1. d4 d6 2. Bf4 Nf6 3. e3 e6 4. Nf3 Be7 5. Bd3 O-O 6. Nbd2 c5 7. c3 cxd4 8. exd4 Qb6 9. b3 Nd5 10. Bg3 Nxc3
11. Qc2 Nd5 12. Nc4 Qb4+ 13. Kf1 Nc6 14. Bxh7+ Kh8 15. Qe4 Qc3 16. Re1 f5 17. Qb1 Kxh7 18. Qd1 f4 19. Nfd2 fxg3 20. Qh5+ Kg8
21. hxg3 Rf6 22. Qh8+ Kf7 23. Rh7 Bf8 24. Nxd6+ Ke7 25. N2c4 Qxd4 26. Rxg7+ Kd8 27. Nf7+ Kc7
0-1

[Event "Happy Oktoberfest"]
[Site "SchemingMind.com"]
[Date "2019.11.12"]
[Round "-"]
[White "abuteague"]
[Black "Phillip Beckett"]
[Result "1/2-1/2"]
[WhiteCountry "USA"]
[BlackCountry "ENG"]
[WhiteElo "1678"]
[WhiteRD "82"]
[BlackElo "1503"]
[BlackRD "52"]
[GameID "447916"]

1. d4 d5 2. c4 e6 3. Nf3 Nf6 4. Bg5 Be7 5. e3 h6 6. Bxf6 Bxf6 7. Bd3 dxc4 8. Bxc4 Nd7 9. O-O c5 10. Na3 cxd4
11. Nxd4 O-O 12. Rb1 Nb6 13. Be2 Bxd4 14. Qxd4 Qxd4 15. exd4 Bd7 16. b3 Rfc8 17. Nc4 Nxc4 18. bxc4 b6 19. Rbc1 Rc7 20. h3 Rac8
21. Rb1 Ba4 22. Rb4 Bd7 23. Rd1 Kf8 24. a3 f6 25. d5 exd5 26. Rxd5 Be6 27. Rd4 Rc5 28. g4 R8c7=
1/2-1/2

[Event "Happy Oktoberfest"]
[Site "SchemingMind.com"]
[Date "2019.11.17"]
[Round "-"]
[White "DANDYLIONHONEYBADGER"]
[Black "abuteague"]
[Result "0-1"]
[WhiteCountry "USA"]
[BlackCountry "USA"]
[WhiteElo "1413"]
[WhiteRD "79"]
[BlackElo "1815"]
[BlackRD "74"]
[GameID "447917"]

1. Nc3 d6 2. g3 e5 3. e4 Nf6 4. f3 Be7 5. Nd5 Nxd5 6. exd5 c6 7. c4 Bf5 8. g4 Bg6 9. d3 Qb6 10. Qe2 Bh4+
11. Kd1 Be7 12. h4 f6 13. b3 cxd5 14. h5 Bf7 15. Be3 Qc7 16. Bg2 dxc4 17. bxc4 Nc6 18. a3 Qa5 19. Bd2 Qa4+ 20. Ke1 Nd4
21. Qd1 Qc6 22. Be3 Ne6 23. Qc2 Qa6 24. Ne2 Nc5 25. h6 g6 26. Nc1 Qa5+ 27. Bd2 Qc7 28. Nb3 Nxb3 29. Qxb3 a6 30. Bf1 b5
31. Be2 bxc4 32. dxc4 Rb8 33. Bb4 O-O 34. Qc3 Ra8 35. Ba5 Qc6 36. Qe3 Rfb8 37. Kf2 Qa4 38. Bc7 Rb7 39. Bb6 Rab8 40. Bd1 Qxc4
41. Rb1 Qa2+
0-1

[Event "Happy Oktoberfest"]
[Site "SchemingMind.com"]
[Date "2019.11.13"]
[Round "-"]
[White "Helga1946"]
[Black "abuteague"]
[Result "1-0"]
[WhiteCountry "GER"]
[BlackCountry "USA"]
[WhiteElo "1916"]
[WhiteRD "56"]
[BlackElo "1678"]
[BlackRD "82"]
[GameID "447918"]

1. d4 d6 2. e4 Nf6 3. Qd3 c6 4. c3 e5 5. dxe5 dxe5 6. Qxd8+ Kxd8 7. Nd2 Kc7 8. Ngf3 Nfd7 9. Ng5 f6 10. Ne6+ Kb6
11. Nc4+ Ka6 12. Nc7#
1-0

[Event "Happy Oktoberfest"]
[Site "SchemingMind.com"]
[Date "2019.11.17"]
[Round "-"]
[White "Mihir Chandrashekhar"]
[Black "abuteague"]
[Result "0-1"]
[WhiteCountry "IND"]
[BlackCountry "USA"]
[WhiteElo "1801"]
[WhiteRD "52"]
[BlackElo "1768"]
[BlackRD "79"]
[GameID "447919"]

1. a4 d6 2. b3 e5 3. g3 Nc6 4. Bh3 Be7 5. Bb2 Nf6 6. Bxc8 Qxc8 7. d3 d5 8. Nd2 Qe6 9. e4 d4 10. Qe2 Nb4
11. O-O-O a6 12. f4 exf4 13. gxf4 b5 14. f5 Qc6
0-1

[Event "Happy Oktoberfest"]
[Site "SchemingMind.com"]
[Date "2019.11.13"]
[Round "-"]
[White "krzysztof"]
[Black "grabapawn"]
[Result "0-1"]
[WhiteCountry "POL"]
[BlackCountry "USA"]
[WhiteElo "1624"]
[WhiteRD "79"]
[BlackElo "1485"]
[BlackRD "62"]
[GameID "447921"]

1. e4 d6 2. Nc3 Nf6 3. d4 Nbd7 4. Nf3 e5 5. d5 Be7 6. Be3 c6 7. dxc6 Nf8 8. cxb7 Bxb7 9. Bb5+ N8d7 10. Nd2 O-O
11. h4 Nc5 12. Bd3 Nxd3+ 13. cxd3 Bc8 14. f3 Nh5 15. Bf2 Nf4 16. Nc4 Nxg2+ 17. Kd2 Nf4 18. Qg1 d5 19. h5 dxc4 20. Nd5 Qa5+
21. Nc3 Nxd3 22. Kc2 Nb4+ 23. Kb1 Rb8 24. Be3 Nd3 25. Rh2 Qxc3 26. Bc1 Ba3 27. Qg2 Qxc1#
0-1

[Event "Happy Oktoberfest"]
[Site "SchemingMind.com"]
[Date "2019.11.13"]
[Round "-"]
[White "krzysztof"]
[Black "GBEDARD"]
[Result "1-0"]
[WhiteCountry "POL"]
[BlackCountry "USA"]
[WhiteElo "1624"]
[WhiteRD "79"]
[BlackElo "1857"]
[BlackRD "88"]
[GameID "447922"]

1. e4 g6 2. e5 c6 3. Nf3 d6 4. d4 dxe5 5. Nxe5 Nd7 6. Nf3 Bg7 7. c3 Ngf6 8. Bd3 O-O 9. Be3 e5 10. dxe5 Ng4
11. Bf4
1-0

[Event "Happy Oktoberfest"]
[Site "SchemingMind.com"]
[Date "2019.11.13"]
[Round "-"]
[White "Phillip Beckett"]
[Black "krzysztof"]
[Result "1/2-1/2"]
[WhiteCountry "ENG"]
[BlackCountry "POL"]
[WhiteElo "1515"]
[WhiteRD "52"]
[BlackElo "1624"]
[BlackRD "79"]
[GameID "447923"]

1. e4 e5 2. Nf3 Nc6 3. Bb5 Qf6 4. d3 h6 5. Nc3 Bb4 6. Bd2 Nge7 7. a3 Bc5 8. Bxc6 dxc6 9. O-O Bg4 10. h3 Be6
11. Nh2 Qg6 12. Qf3 O-O 13. Ng4 Bd6 14. Ne3 f5 15. exf5 Bxf5 16. Qg3 Qh5 17. Ng4 Bxg4 18. Qxg4 Qxg4 19. hxg4 Nd5 20. Nxd5 cxd5
21. g3 Be7 22. Rae1 Bf6 23. b3 e4 24. dxe4 dxe4 25. Rxe4 Rac8 26. Rfe1 Rfd8 27. Bf4 Rd7 28. Re8+ Rxe8 29. Rxe8+ Kf7 30. Re2 g5
31. Be3 a6 32. f4 Kg6 33. fxg5 hxg5 34. Kf2 Rh7 35. Kg2 Rf7 36. Rf2 Re7 37. Bd2=
1/2-1/2

[Event "Happy Oktoberfest"]
[Site "SchemingMind.com"]
[Date "2019.11.13"]
[Round "-"]
[White "abuteague"]
[Black "krzysztof"]
[Result "1/2-1/2"]
[WhiteCountry "USA"]
[BlackCountry "POL"]
[WhiteElo "1753"]
[WhiteRD "78"]
[BlackElo "1597"]
[BlackRD "80"]
[GameID "447924"]

1. d4 d5 2. c4 dxc4 3. a4 Bf5 4. Nc3 e6 5. e4 Bg6 6. Bxc4 Bb4 7. e5 Ne7 8. Ne2 Bh5 9. Be3 Bxc3+ 10. bxc3 Nd5
11. Bxd5 exd5 12. O-O c6 13. Qd2 h6 14. Rab1 b6 15. Ng3 Bg6 16. Rb2 Nd7 17. Bf4 O-O 18. Re1 Qh4 19. e6 Nf6 20. e7 Rfe8
21. Bd6 Ng4 22. h3 Nf6 23. Re3 Kh7 24. Kh2 Ng8 25. Nf1 Nxe7 26. Bxe7 Rxe7 27. Rxe7 Qxe7 28. Ne3 Be4 29. Ng4 f6 30. f3 Bf5
31. Ne3 Bd7 32. Qd3+ g6 33. Re2 Qf7 34. c4 Re8 35. cxd5 cxd5 36. Qc2 Rc8 37. Qb3 Be6 38. Kg1 f5 39. Kf2 f4 40. Ng4 Bxg4
41. hxg4 g5 42. Re5 Rd8 43. Qd3+ Kg7 44. Qe2 Kg8 45. Re7 Qf6 46. Re5 Qd6 47. Re6 Qf8 48. Qd3 Rd7 49. Qg6+ Rg7 50. Qxh6 Qf7
51. Rd6 Qc7 52. Qe6+ Qf7 53. Rd8+ Kh7 54. Qxd5 Qxd5 55. Rxd5 Kg6 56. g3 fxg3+ 57. Kxg3 Rf7 58. Rd6+ Kg7 59. d5 Re7 60. Rd8 Rb7
61. d6 Kf7 62. Rc8 Rd7 63. Rc7 Ke6 64. Rxd7 Kxd7 65. f4 gxf4+ 66. Kxf4 a6 67. Ke5= b5 68. axb5 axb5 69. Kd5 b4 70. Kc4 Kxd6
71. Kxb4 Ke5 72. Kc5=
1/2-1/2

[Event "Happy Oktoberfest"]
[Site "SchemingMind.com"]
[Date "2019.11.17"]
[Round "-"]
[White "krzysztof"]
[Black "DANDYLIONHONEYBADGER"]
[Result "1-0"]
[WhiteCountry "POL"]
[BlackCountry "USA"]
[WhiteElo "1605"]
[WhiteRD "79"]
[BlackElo "1413"]
[BlackRD "79"]
[GameID "447925"]

1. e4 Nc6 2. d4 e5 3. d5 Nce7 4. Nc3 c6 5. d6 Ng6 6. Nf3 f6 7. Be3 b6 8. Be2 h6 9. h3 Bb7 10. O-O Qb8
11. Nh2 Bxd6 12. Bh5 Ne7 13. Qg4 Kd8 14. Bxg6 Nxg6 15. Qxg6 Rg8 16. Bxh6 Kc7 17. Be3 Qe8 18. Qg4 Bc8 19. Qf3 Ba6 20. Rfe1 Bc5
21. Bxc5 bxc5 22. Na4 d6 23. Qa3 Rb8 24. Rab1 g5 25. g4 Rh8 26. Kg2 Qe7 27. Re3 Bb5 28. b4 c4 29. Nc3 a6 30. Qa5+ Rb6
31. a4 Qe6 32. axb5 cxb5 33. Nd5+
1-0

[Event "Happy Oktoberfest"]
[Site "SchemingMind.com"]
[Date "2019.11.17"]
[Round "-"]
[White "Mihir Chandrashekhar"]
[Black "krzysztof"]
[Result "0-1"]
[WhiteCountry "IND"]
[BlackCountry "POL"]
[WhiteElo "1801"]
[WhiteRD "52"]
[BlackElo "1624"]
[BlackRD "79"]
[GameID "447926"]

1. f4 e6 2. g3 c6 3. Bg2 Bb4 4. Nf3 d5 5. c3 Ba5 6. Kf2 Nh6 7. Ke3 Bb6+ 8. d4 c5 9. h3 Nc6 10. f5 exf5
11. Kf4 Be6 12. Ke3 Qd6 13. Kf2 f6 14. Bf4 Qf8 15. Bxh6 gxh6 16. e3 Bc7
0-1

[Event "Happy Oktoberfest"]
[Site "SchemingMind.com"]
[Date "2019.11.13"]
[Round "-"]
[White "krzysztof"]
[Black "Helga1946"]
[Result "1-0"]
[WhiteCountry "POL"]
[BlackCountry "GER"]
[WhiteElo "1600"]
[WhiteRD "78"]
[BlackElo "1916"]
[BlackRD "56"]
[GameID "447927"]

1. e4 e5 2. Nf3 Nc6 3. Nc3 Bc5 4. d3 d6 5. Ne2 Bg4 6. c3 Bxf3 7. gxf3 Qh4 8. Ng3 Nge7 9. Be3 Bxe3 10. fxe3 f5
11. Kd2 f4 12. exf4 exf4 13. Nf5 Nxf5 14. exf5 O-O 15. Qe1 Qh5 16. Qe6+ Kh8 17. Qe2
1-0

[Event "Happy Oktoberfest"]
[Site "SchemingMind.com"]
[Date "2019.11.15"]
[Round "-"]
[White "abuteague"]
[Black "Geoffrey Rosser"]
[Result "1-0"]
[WhiteCountry "USA"]
[BlackCountry "ENG"]
[WhiteElo "1768"]
[WhiteRD "79"]
[BlackElo "2007"]
[BlackRD "60"]
[GameID "448048"]

1. d4 Nf6 2. Bg5 e6 3. e4 Be7 4. Nd2 O-O 5. Ngf3 d5 6. e5 Ne8 7. Bxe7 Qxe7 8. Bd3 c5 9. dxc5 Qxc5 10. O-O f6
11. Nb3 Qc7 12. exf6 Nxf6 13. Re1 Ng4 14. g3 e5 15. Bf1 e4 16. Qxd5+ Qf7 17. Qxf7+ Rxf7 18. Nfd4 Nxf2 19. Bc4 Nh3+ 20. Kg2 Ng5
21. Bxf7+ Kxf7 22. h4 Ne6 23. Rxe4 g6 24. Nxe6 Bxe6 25. Rf1+ Ke7 26. Nc5 Kd6 27. Nxe6 Na6 28. Nf4 Nc5 29. Rd1+ Kc6 30. Re7 Rh8
31. b4 Na6 32. a3 Nc7 33. Rdd7 Nb5 34. a4 Na3 35. c3
1-0

[Event "Happy Oktoberfest"]
[Site "SchemingMind.com"]
[Date "2019.11.20"]
[Round "-"]
[White "Geoffrey Rosser"]
[Black "DANDYLIONHONEYBADGER"]
[Result "1-0"]
[WhiteCountry "ENG"]
[BlackCountry "USA"]
[WhiteElo "1964"]
[WhiteRD "58"]
[BlackElo "1430"]
[BlackRD "75"]
[GameID "448049"]

1. e4 Nc6 2. Nf3 e5 3. d4 Qe7 4. Nc3 Nf6 5. Bg5 h6 6. Nd5 Qd6 7. dxe5 Nxe5 8. Nxf6+ Qxf6 9. Bxf6 gxf6 10. Nxe5 fxe5
11. Qd5 d6 12. Bc4 Rh7 13. O-O-O c6 14. Qd3 Bg4 15. f3 Be6 16. Bxe6 fxe6 17. f4 O-O-O 18. fxe5 dxe5 19. Qxd8#
1-0

[Event "Happy Oktoberfest"]
[Site "SchemingMind.com"]
[Date "2019.11.16"]
[Round "-"]
[White "Geoffrey Rosser"]
[Black "grabapawn"]
[Result "1-0"]
[WhiteCountry "ENG"]
[BlackCountry "USA"]
[WhiteElo "2007"]
[WhiteRD "60"]
[BlackElo "1485"]
[BlackRD "62"]
[GameID "448050"]

1. e4 d6 2. d4 Nf6 3. Nc3 Nbd7 4. f4 e5 5. Nf3 c6 6. Bc4 Qc7 7. O-O Be7 8. fxe5 dxe5 9. Ng5 O-O 10. dxe5 Nxe5
11. Bf4 h6 12. Nf3 Bd6 13. Nxe5 Bxe5 14. Bxe5 Qxe5 15. Bd3 Ng4 16. g3 Ne3 17. Qf3 Nxf1 18. Rxf1 h5 19. Bc4 Be6 20. Bd3 Qd4+
21. Kg2 Qd7 22. Qxh5 Bg4 23. Qh4 Be6 24. e5 g6 25. Ne4 f5 26. Nf6+ Rxf6 27. Qxf6 Qd5+ 28. Kh3 f4+ 29. g4
1-0

[Event "Happy Oktoberfest"]
[Site "SchemingMind.com"]
[Date "2019.11.15"]
[Round "-"]
[White "Phillip Beckett"]
[Black "Geoffrey Rosser"]
[Result "0-1"]
[WhiteCountry "ENG"]
[BlackCountry "ENG"]
[WhiteElo "1503"]
[WhiteRD "52"]
[BlackElo "1996"]
[BlackRD "62"]
[GameID "448052"]

1. e4 e5 2. Nf3 Nc6 3. Bb5 Nf6 4. d3 d6 5. c3 Be7 6. Nbd2 O-O 7. O-O a6 8. Ba4 b5 9. Bc2 d5 10. exd5 Nxd5
11. Re1 f6 12. Ne4 Bg4 13. h3 Bh5 14. Ng3 Bf7 15. d4 Bd6 16. dxe5 Nxe5 17. Nxe5 Bxe5 18. Be3 Bxg3 19. fxg3 Nxe3 20. Qxd8 Raxd8
21. Rxe3 Rd2 22. Bb3 Rxb2 23. Bxf7+ Kxf7 24. a4 Re8 25. Rxe8 Kxe8 26. axb5 axb5 27. Ra7 Kd7 28. Rb7 Rb3
0-1

[Event "Happy Oktoberfest"]
[Site "SchemingMind.com"]
[Date "2019.11.15"]
[Round "-"]
[White "krzysztof"]
[Black "Geoffrey Rosser"]
[Result "0-1"]
[WhiteCountry "POL"]
[BlackCountry "ENG"]
[WhiteElo "1624"]
[WhiteRD "79"]
[BlackElo "2007"]
[BlackRD "60"]
[GameID "448053"]

1. e4 e5 2. Nf3 Nc6 3. Nc3 Nf6 4. Be2 Be7 5. O-O d5 6. exd5 Nxd5 7. d3 Nxc3 8. bxc3 O-O 9. d4 Bf6 10. d5 Ne7
11. c4 e4 12. Nd4 c5 13. Nb3 Bxa1 14. Nxa1 Ng6 15. f3 exf3 16. Bxf3 Qa5 17. a3 Qc3 18. Nb3 Bf5 19. Rf2 Rfe8 20. Qf1 Re1
21. Bd2 Rxf1+ 22. Kxf1 Qxc2 23. Nxc5 Qxc4+ 24. Be2 Qxd5 25. g4 Qh1#
0-1

[Event "Happy Oktoberfest"]
[Site "SchemingMind.com"]
[Date "2019.11.19"]
[Round "-"]
[White "Geoffrey Rosser"]
[Black "Mihir Chandrashekhar"]
[Result "1-0"]
[WhiteCountry "ENG"]
[BlackCountry "IND"]
[WhiteElo "1996"]
[WhiteRD "62"]
[BlackElo "1862"]
[BlackRD "51"]
[GameID "448055"]

1. e4 a6 2. d4 e6 3. Bd3 d5 4. Nf3 dxe4 5. Bxe4 Nf6 6. Bd3 Bd6 7. O-O O-O 8. c4 c5 9. dxc5 Bxc5 10. Nc3 Nc6
11. Bg5 h6 12. Bxf6 Qxf6 13. Ne4 Qe7 14. Nxc5 Qxc5 15. a3 Ne5 16. Nxe5 Qxe5 17. b4 a5 18. Re1 Rd8 19. Rxe5
1-0

[Event "Happy Oktoberfest"]
[Site "SchemingMind.com"]
[Date "2019.11.18"]
[Round "-"]
[White "Arnold Jones"]
[Black "Geoffrey Rosser"]
[Result "0-1"]
[WhiteCountry "ENG"]
[BlackCountry "ENG"]
[WhiteElo "1615"]
[WhiteRD "66"]
[BlackElo "2007"]
[BlackRD "60"]
[GameID "448166"]

1. d4 Nf6 2. c4 g6 3. d5 d6 4. Bg5 Bg7 5. Bxf6 Bxf6 6. e4 Bxb2 7. Nd2 Bxa1 8. Qxa1 O-O 9. f3 c6 10. Bd3 Na6
11. f4 cxd5 12. e5 Nc5 13. Be2 dxc4 14. exd6 Qxd6 15. Bxc4 Qxf4 16. g3 Qe3+ 17. Ne2 Nd3+ 18. Bxd3 Qxd3 19. h3 Be6 20. Qb2 Rac8
21. Qd4 Rc1+ 22. Kf2 Qxd4+ 23. Nxd4 Rxh1 24. Kg2 Bd5+
0-1

[Event "Happy Oktoberfest"]
[Site "SchemingMind.com"]
[Date "2019.11.20"]
[Round "-"]
[White "grabapawn"]
[Black "Arnold Jones"]
[Result "0-1"]
[WhiteCountry "USA"]
[BlackCountry "ENG"]
[WhiteElo "1485"]
[WhiteRD "62"]
[BlackElo "1615"]
[BlackRD "66"]
[GameID "448167"]

1. d4 d5 2. Bf4 Nf6 3. e3 Bg4 4. f3 Bf5 5. g4 Bd7 6. Bd3 g6 7. h4 e6 8. h5 Bd6 9. Bxd6 cxd6 10. hxg6 fxg6
11. Bxg6+ Ke7 12. g5 hxg6 13. gxf6+ Kf7 14. Nh3 Nc6 15. Ng5+ Kxf6 16. Rxh8 Qxh8 17. f4 Qh1+ 18. Kd2 Qxd1+ 19. Kxd1 Rh8 20. Kd2 Rh2+
21. Kc3 Rh1 22. b3 Re1 23. Kd2 Rh1 24. Kc3 Ne7 25. Kb2 Nf5 26. e4 dxe4 27. Nxe4+ Ke7 28. Nbc3 Rxa1 29. Kxa1 Nxd4 30. Kb2 a6
31. Nd1 Ne2 32. Ne3 Nxf4 33. c4 Nh3 34. Ng2 Bc6
0-1

[Event "Happy Oktoberfest"]
[Site "SchemingMind.com"]
[Date "2019.11.18"]
[Round "-"]
[White "Arnold Jones"]
[Black "Phillip Beckett"]
[Result "0-1"]
[WhiteCountry "ENG"]
[BlackCountry "ENG"]
[WhiteElo "1615"]
[WhiteRD "66"]
[BlackElo "1515"]
[BlackRD "52"]
[GameID "448169"]

1. e4 e5 2. Nf3 Nc6 3. d3 Nf6 4. Be2 Be7 5. Nc3 d6 6. h3 h6 7. d4 exd4 8. Nxd4 Nxd4 9. Qxd4 O-O 10. Nd5 Nxd5
11. exd5 Bf6 12. Qd3 Bg5 13. Bxg5 Qxg5 14. g3 Bf5 15. Qd1 Qg6 16. Rc1 Rfe8 17. c4 Bd3 18. O-O Bxe2 19. Qd2 Bxf1 20. Kxf1 Qe4
21. Kg1 Qe2 22. Qc3 Qe5 23. Qd2 Qe2 24. Qd4 Qf3 25. Kh2 Re4 26. Qd2 Re2
0-1